Christus nachgehen: jungen Menschen den Weg finden helfen

Na minha lista:
Detalhes bibliográficos
Autor principal: Hemmerle, Klaus (Author)
Formato: Livro
Idioma:alemão
Publicado em: Friburgo de Brisgovia Herder 1980
Edição:1a. ed
Assuntos:
Tags: Adicionar Tag
Sem tags, seja o primeiro a adicionar uma tag!

MARC

LEADER 00000cam a2200000 a 4500
001 UCE8100
003 CL-VaPUC
008 150728e19800000gw |||||||||||||||||ger|d
020 |a 3451188678 
082 0 4 |a 248.894  |b HEM  |2 21 
100 |a Hemmerle, Klaus  |e author  |9 580884 
245 1 0 |a Christus nachgehen: jungen Menschen den Weg finden helfen 
250 |a 1a. ed 
300 |a 69 p 
942 |c BK 
945 |d 20150728 02:04:00  |a dcastane 
260 |a Friburgo de Brisgovia  |b Herder  |c 1980 
650 0 |a Vocación cristiana  |9 399210 
650 0 |a Vocación religiosa  |9 392452 
583 |a last modification  |c 20150728 02:04:00  |k Rodrigo Vera 
999 |c 360050  |d 360048 
952 |0 0  |1 0  |3 erb  |4 0  |6 248_894000000000000_HEM_1980  |7 0  |8 A  |9 469676  |a BIBTEO  |b BIBTEO  |e Casale Rolle, Carlos Ignacio, -2014  |i 5185378  |o 248.894 HEM 1980  |p 5185378  |r 2025-01-17  |w 2019-11-23  |y BK  |z Catalogado en:20150728  |k ICR